F.A. Foundation of Information Technology-IX (Record no. 4829)

MARC details
000 -LEADER
fixed length control field 00232nam a22000857a 4500
008 - FIXED-LENGTH DATA ELEMENTS--GENERAL INFORMATION
fixed length control field 161212b xxu||||| |||| 00| 0 eng d
100 ## - MAIN ENTRY--PERSONAL NAME
9 (RLIN) 1994
Personal name CBSE
245 ## - TITLE STATEMENT
Title F.A. Foundation of Information Technology-IX
260 ## - PUBLICATION, DISTRIBUTION, ETC. (IMPRINT)
Place of publication, distribution, etc. New Delhi
Name of publisher, distributor, etc. CBSE
Date of publication, distribution, etc. 2010
Holdings
Withdrawn status Lost status Source of classification or shelving scheme Damaged status Koha normalized classification for sorting Not for loan Home library Current library Shelving location Date acquired Total Checkouts Full call number Barcode Date last seen Price effective from Koha item type
    Dewey Decimal Classification   003_540000000000000   Good Samaritan School Library Good Samaritan School Library Computer Science 12/12/2016   003.54 CBS9217 12/12/2016 12/12/2016 BOOK

Powered by Koha